| 000 | 00598cac a22002051u 4500 | ||
|---|---|---|---|
| 008 | 081104t2005 at |||||r|||| 001 0 eng d | ||
| 010 | _a93190291 | ||
| 020 | _a9781844801282 | ||
| 035 | _a(OCoLC)29223173 | ||
| 082 | 0 | 0 |
_a650.01513 _bFRA _222 |
| 100 |
_aFrancis, Andre _9796 |
||
| 245 | 1 | 0 |
_aBusiness Mathematics and Statistics / _cAndre Francis |
| 250 | _a6th ed. | ||
| 260 |
_aAustralia : _bThomson, _c2004. |
||
| 300 |
_a666 p. : _bill. ; _c28 cm. |
||
| 500 | _aIncludes index. | ||
| 650 | 0 |
_aBusiness mathematics _9801 |
|
| 650 | 0 |
_aCommercial statistics _9802 |
|
| 942 |
_cBB _k650.01513FRA _2ddc |
||
| 999 |
_c1311 _d1311 |
||